02145nam a22002177a 4500003000400000005001700004008004100021082001800062100007000080245007800150250001900228260004700247300003100294490002900325520117700354650012801531700006901659942001501728952016901743999001501912OSt20260327091958.0260327b |||||||| |||| 00| 0 esp d 29789942203762 a Lourdes Monserrath Ponce Naranjo e Ivonne Eulalia Ponce Naranjo. aGuía para la elaboración de proyectos productivos y planes de negocio a1ra edición  aEcuadorbFreire (Riobamba, Ecuador).c2014 a 136 páginasc21 x 15 cm 3bond blanco de 75g o 90g a. Teoría General de Proyectos En la primera parte, las autoras introducen los conceptos fundamentales de la administración de proyectos. Se explica qué es un proyecto productivo, su importancia en el desarrollo económico local y cómo identificar oportunidades de inversión que generen beneficios o rentabilidades específicas. Ministerio de Educación, Deporte y Cultura Ministerio de Educación, Deporte y Cultura +2 2. Metodología para el Plan de Negocio La segunda parte es un manual paso a paso para estructurar un documento formal que sirva de "mapa" para la empresa. El contenido suele cubrir las siguientes áreas críticas: Amazon.com.mx Amazon.com.mx Análisis de Mercado: Técnicas para estudiar a los consumidores, la competencia y definir la demanda del producto o servicio. Estudio Técnico y Organizativo: Definición de procesos operativos, recursos necesarios (humanos y técnicos) y la estructura legal del negocio. Estrategia Comercial: Diseño de planes de marketing y ventas para posicionar la marca. Evaluación Financiera: Proyecciones de ingresos, gastos y determinación de la viabilidad económica del emprendimiento aTérmino temático o Nombre geográficox Metodología, Manuales, Administración o Estudio de casosySiglo XXI o 2014 aLourdes Monserrath Ponce Naranjo e Ivonne Eulalia Ponce Naranjo. 2ddccBKn0 00102ddc40708F02aISUSbISUScBiblioteca Abiertad2026-03-27eLECTURAf0458i0458l4m1oLECTURApBIBLIO0458r2026-04-01 09:33:55s2026-04-01t1w2026-03-27yBK c2030d2030